=LDR 00000nam 2200000 4500 =001 INLIS000000000021960 =005 20130612120751 =008 ***********************************Ind** =035 ##$$0010-061300000021960 =041 ##$$a Ind =082 ##$$a 813 =090 ##$$a 813, Wil-n =100 ##$$a WILLIAMS, Donna =245 ##$$a Nyanyian surgawi, Akhir perjalanan sang gadis autistik, Donna Williams =260 ##$$a 2004 $b Bandung =300 ##$$a 442 hlm., 18 cm =650 ##$$a Fiksi dewasa-terjemahan =850 ##$$a NBPNMAT